LEADER 00814nam a22002411i 4500 001 991000109329707536 005 20040722135805.0 008 040802s1958 it |||||||||||||||||ita 035 $ab13178350-39ule_inst 035 $aARCHE-113096$9ExL 040 $aBiblioteca Interfacoltà$bita$cA.t.i. Arché s.c.r.l. Pandora Sicilia s.r.l. 082 04$a322.1 245 00$aStato e Chiesa 260 $aFirenze :$bSansoni,$c1958 300 $a118 p. ;$c24 cm 440 0$aUlisse 650 4$aChiesa e stato 907 $a.b13178350$b02-04-14$c05-08-04 912 $a991000109329707536 945 $aLE002 SP 300.I/031$g1$i2002000386861$lle002$nC. 1$o-$pE0.00$q-$rl$so $t0$u0$v0$w0$x0$y.i13819033$z05-08-04 996 $aStato e Chiesa$955509 997 $aUNISALENTO 998 $ale002$b05-08-04$cm$da $e-$fita$git $h0$i1